[Event "10th Amitie"]
[Site "Bagneux FRA"]
[Date "2002.12.16"]
[Round "8"]
[White "Le Quang,K"]
[Black "Mohandesi,S"]
[Result "1/2-1/2"]
[WhiteElo "2274"]
[BlackElo "2358"]

1.e4 c5 2.Nf3 Nc6 3.d4 cxd4 4.Nxd4 Nf6 5.Nc3 d6 6.Bg5 e6 7.Qd2 a6 8.O-O-O h6
9.Be3 Be7 10.f3 Bd7 11.g4 b5 12.h4 b4 13.Nce2 Ne5 14.Ng3 Qc7 15.Be2 a5 16.g5 Ng8
17.f4 Nc4 18.Bxc4 Qxc4 19.Kb1 Bf8 20.Qf2 Ne7 21.f5 e5 22.f6 exd4 23.Rxd4 Qc6
24.fxe7 Bxe7 25.Rf1 Be6 26.Nf5 hxg5 27.Nxe7 Kxe7 28.Bxg5+ Kf8 29.Rfd1 Kg8
30.Qe2 Re8 31.Rxd6 Qc4 32.Qxc4 Bxc4 33.Rd8 Kh7 34.b3 Be2 35.R1d4 Bf3 36.Rxe8 Rxe8
37.Bd8 Re5 38.Rd5 Rxe4 39.Rxa5 f6 40.Ra7 Kg6 41.Be7 Kh5 42.Bf8 g6 43.Bg7 f5
44.Bf6 Re2 45.Ra4 Be4 46.Rxb4 Bxc2+ 47.Kc1 Be4 48.Rd4 Rxa2 49.Rd2 Ra6 50.Bg5 Ra1+
51.Kb2 Rf1 52.Kc3 Rf3+ 53.Kc4 Kg4 54.Rd4 Rf2 55.Kc5 Re2 56.Rd2 Rxd2 57.Bxd2 Kxh4
58.Kd4 g5 59.Ke5 Kg4 60.b4 Bb7 61.Kf6 f4 62.b5 Kh5 63.Kf5 Bc8+ 64.Kf6 Kh4
65.b6 Kg4 66.Kg6 Bf5+ 67.Kf6 Be4 68.Bc1 f3 69.Be3 Bb7 70.Kg6 Bc6 71.Kf6 Kh5
72.Bf2 Bb7 73.Kf5 Bc8+ 74.Kf6 Kg4 75.Be3 Ba6 76.Kg6 Bd3+ 77.Kf6 Be4 78.Ke5 Bb7
79.Kf6 Kh5 80.Bf2 g4 81.Kf5 Bc8+ 82.Kf4 Kg6 83.b7  1/2-1/2

[Event "FSGM Dec"]
[Site "Budapest HUN"]
[Date "2002.12.17"]
[Round "11"]
[White "Anka,E"]
[Black "Ramesh,R"]
[Result "1/2-1/2"]
[WhiteElo "2462"]
[BlackElo "2475"]

1.e4 c5 2.Nf3 Nc6 3.d4 cxd4 4.Nxd4 Nf6 5.Nc3 d6 6.Bg5 e6 7.Qd2 Qb6 8.O-O-O a6
9.Bxf6 gxf6 10.Nb3 Qc7 11.f4 b5 12.Kb1 h5 13.Ne2 Bd7 14.f5 O-O-O 15.Nbd4 Nxd4  1/2-1/2

[Event "Christmas Open"]
[Site "Zadar CRO"]
[Date "2002.12.21"]
[Round "8"]
[White "Yemelin,V"]
[Black "Jakic,I"]
[Result "1-0"]
[WhiteElo "2534"]
[BlackElo "2285"]

1.e4 c5 2.Nf3 d6 3.d4 cxd4 4.Nxd4 Nf6 5.Nc3 Nc6 6.Bg5 e6 7.Qd2 Be7 8.O-O-O Nxd4
9.Qxd4 O-O 10.h4 Qa5 11.Kb1 h6 12.Bc1 Bd7 13.Qd2 Qc5 14.f3 h5 15.Qe1 Rfc8
16.Be3 Qc7 17.Bd3 b5 18.Bg5 b4 19.Ne2 e5 20.Ng3 g6 21.Nf1 Be6 22.Bxf6 Bxf6
23.Ne3 Qa5 24.b3 d5 25.exd5 e4 26.fxe4 Bc3 27.Rd2 Bg4 28.Qc1 Rc5 29.Nc4 Qc7
30.Rf2 Bd4 31.Rf4 a5 32.Rhf1 a4 33.e5 Rxc4 34.Bxc4 Qxe5 35.Rxf7 axb3 36.Bxb3  1-0

[Event "Open A"]
[Site "Bethune FRA"]
[Date "2002.12.26"]
[Round "1"]
[White "Szylar,E"]
[Black "Shchekachev,A"]
[Result "0-1"]
[WhiteElo "2121"]
[BlackElo "2551"]

1.e4 c5 2.Nf3 d6 3.d4 cxd4 4.Nxd4 Nf6 5.Nc3 Nc6 6.Bg5 a6 7.f4 Qb6 8.Nxc6 bxc6
9.Qd2 Ng4 10.Bd3 h6 11.Bh4 g5 12.Bg3 Qe3+ 13.Qxe3 Nxe3 14.Kf2 Ng4+ 15.Kf3 gxf4
16.Bxf4 Bg7 17.Nd1 a5 18.Rb1 Rb8 19.b3 e5 20.Bd2 h5 21.h3 f5 22.exf5 d5 23.Re1 e4+
24.Bxe4 Ne5+ 25.Kf4 dxe4 26.Bc3 O-O 27.g4 hxg4 28.hxg4 Nxg4 29.Bxg7 Rxf5+
30.Kxe4 Kxg7 31.Rg1 Rg5 32.Ne3 Rg6 33.Nc4 Rb5 34.Kd4 Be6 35.Nd2 Bf5 36.c4 Rd6+
37.Kc3 Rd3+  0-1

[Event "11th Donau Open"]
[Site "Aschach AUT"]
[Date "2002.12.27"]
[Round "2"]
[White "Roeberg,F"]
[Black "Stanec,N"]
[Result "1/2-1/2"]
[WhiteElo "2259"]
[BlackElo "2523"]

1.e4 c5 2.Nf3 Nc6 3.d4 cxd4 4.Nxd4 Nf6 5.Nc3 d6 6.Bg5 Bd7 7.Bxf6 gxf6 8.Nf5 Qa5
9.Qd5 Qxd5 10.Nxd5 O-O-O 11.Nfe3 e6 12.Nc3 a6 13.g3 Kc7 14.O-O-O Bc8 15.Be2 Bg7
16.f4 Rd7 17.Kb1 Rhd8 18.Rhe1 b5 19.a3 Bb7 20.Rd3 Na7 21.Red1 Bc6 22.f5 Bb7
23.Bg4 Re7 24.Bh3 Ree8 25.Ng2 Bh6 26.Rf3 e5 27.Rfd3 Nc8 28.Nd5+ Bxd5 29.Rxd5 Nb6
30.R5d3 Na4 31.Ne3 Bxe3 32.Rxe3 Rb8 33.Bf1 Rb6 34.g4 h5 35.gxh5 Rh8 36.Be2 Rc6
37.Rg3 Kd7 38.Rdg1 Rcc8 39.Rg7 Ke7 40.R7g3 Nc5 41.Re3 Rc7 42.b3 Nd7 43.c4 bxc4
44.Bxc4 Nb6 45.Be2 d5 46.Rc1 Rxc1+ 47.Kxc1 d4  1/2-1/2

[Event "Open A"]
[Site "Bethune FRA"]
[Date "2002.12.27"]
[Round "3"]
[White "Degraeve,JM"]
[Black "Shirazi,K"]
[Result "1-0"]
[WhiteElo "2575"]
[BlackElo "2439"]

1.e4 c5 2.Nf3 d6 3.d4 cxd4 4.Nxd4 Nf6 5.Nc3 Nc6 6.Bg5 e6 7.Qd2 a6 8.O-O-O Bd7
9.f4 Be7 10.Kb1 h6 11.Bh4 g5 12.fxg5 Ng4 13.Nf3 Nge5 14.Rg1 Rg8 15.Be2 hxg5
16.Bg3 Qc7 17.Nxe5 Nxe5 18.Bxe5 dxe5 19.Bh5 O-O-O 20.Bxf7 Rh8 21.h3 Rh7 22.Rgf1 Kb8
23.Qe2 Bb4 24.Rf3 Bxc3 25.bxc3 Rc8 26.Qe3 Rg7 27.Ka1 g4 28.hxg4 Rxg4 29.Qd2 Rf4
30.Qxd7 Rxf3 31.Qxc7+ Rxc7 32.Rd8+ Ka7 33.gxf3 Rxf7 34.Rd3 Kb8 35.Kb2 Kc7
36.Kb3 Rh7 37.c4 Rh2 38.c5 Rh6 39.Rd6 Rf6 40.c3 Rh6 41.a4 Rf6 42.Kc4 a5 43.Rb6 Kb8
44.c6 Rxf3 45.Rxb7+ Kc8 46.Rb5 Kc7 47.Rxe5 Kxc6 48.Rxe6+ Kb7 49.Re5 Kb6 50.Rb5+ Ka6
51.Rb1 Re3 52.Kd4 Re2 53.e5 Ra2 54.e6 Rxa4+ 55.Kd5 Ra2 56.Re1 Rd2+ 57.Kc6  1-0

[Event "XVIII Winter Open"]
[Site "Nice FRA"]
[Date "2002.12.27"]
[Round "2"]
[White "Bjarnason,O"]
[Black "Caposciutti,M"]
[Result "1-0"]
[WhiteElo "2195"]
[BlackElo "2338"]

1.e4 c5 2.Nf3 Nc6 3.d4 cxd4 4.Nxd4 Nf6 5.Nc3 d6 6.Bg5 Bd7 7.Be2 Rc8 8.O-O Nxd4
9.Qxd4 Qa5 10.Bxf6 gxf6 11.Kh1 Qc5 12.Qd3 Bg7 13.Rae1 f5 14.Nd5 fxe4 15.Qxe4 e6
16.Bh5 Kf8 17.Qf4 f5 18.Ne3 Qd4 19.Qf3 Bc6 20.Qe2 Bf6 21.c3 Qc5 22.f4 Rg8
23.Bf3 Rg6 24.h3 Bh4 25.Rd1 Bg3 26.Bxc6 Qxc6 27.Rf3 h5 28.Qd3 Bh4 29.Qxd6+ Qxd6
30.Rxd6 Kf7 31.Rd7+ Be7 32.Nc2 b5 33.Rfd3 a6 34.g3 h4 35.Re3 hxg3 36.Kg2 Rc4
37.Nd4 Ke8 38.Ra7 b4 39.Rxe6 Rxe6 40.Nxe6 bxc3 41.bxc3 Rxc3 42.Ng7+ Kf8 43.Nxf5 Bc5
44.Rxa6 Bf2 45.Nd6 Be1 46.Ne4 Rc2+ 47.Kf3 g2 48.Rg6 Rxa2 49.Rxg2 Ra4 50.Re2 Ba5
51.h4 Bc7 52.Rc2 Bb6 53.h5 Ra1 54.h6 Rh1 55.Rc6 Bd4 56.Ng5 Ke7 57.Ke4 Bb2
58.Kf5 Rh4 59.h7 Kd7 60.Rc4 Ke7 61.Kg6 Kf8 62.Rc8+ Ke7 63.f5 Ba1 64.Rb8 Rf4
65.h8=Q Bxh8 66.Rxh8 Rf1 67.Rh7+ Kf8 68.f6 Ke8 69.f7+ Ke7 70.Rh8  1-0

[Event "Open"]
[Site "Pamplona ESP"]
[Date "2002.12.27"]
[Round "7"]
[White "Korneev,O"]
[Black "Estremera Panos,S"]
[Result "1-0"]
[WhiteElo "2551"]
[BlackElo "2359"]

1.e4 c5 2.Nf3 Nc6 3.d4 cxd4 4.Nxd4 Nf6 5.Nc3 d6 6.Bg5 e6 7.Qd2 Qb6 8.O-O-O Qxd4
9.Qxd4 Nxd4 10.Rxd4 a6 11.f3 Be7 12.Bc4 Bd7 13.Bb3 Bc6 14.Rd2 O-O 15.Bf4 Rfd8
16.Rhd1 Nh5 17.Be3 Nf6 18.Ne2 d5 19.e5 Nd7 20.Bd4 Nc5 21.Kb1 a5 22.Bxc5 Bxc5
23.a4 Rdc8 24.Nd4 Bxd4 25.Rxd4 b5 26.axb5 Bxb5 27.Ba4 Bxa4 28.Rxa4 Rc5 29.c3 Rb8
30.Ka2 Rcb5 31.Rd2 Kf8 32.g4 g5 33.f4 gxf4 34.Rxf4 h6 35.h4 Rc8 36.Rdf2 Rb7
37.g5 hxg5 38.hxg5 Kg7 39.g6 fxg6 40.Rf6 Rh8 41.Rg2 Rh6 42.Rxe6 Rd7 43.Rg4 Kf7
44.Rf6+ Kg7 45.Ra6 Re7 46.Rg5 Rb7 47.Rd6 Kf7 48.Rg2 Rb5 49.Rf6+ Kg7 50.Rc6 Kf7
51.Rf2+ Ke7 52.e6 Rb8 53.Rf7+ Ke8 54.Rg7  1-0

[Event "26th Christmas Open Masters"]
[Site "Zurich SUI"]
[Date "2002.12.27"]
[Round "3"]
[White "Meijers,V"]
[Black "Pelletier,Y"]
[Result "1/2-1/2"]
[WhiteElo "2463"]
[BlackElo "2587"]

1.e4 c5 2.Nf3 d6 3.d4 cxd4 4.Nxd4 Nf6 5.Nc3 Nc6 6.Bg5 Qb6 7.Nb3 e6 8.Be2 Be7
9.O-O O-O 10.Be3 Qc7 11.f4 a6 12.a4 b6 13.Bf3 Rb8 14.Qe2 Na5 15.Nd2 Rd8 16.Kh1 Bb7
17.Qf2 Ba8 18.Rac1 Nd7 19.h3 b5 20.axb5 axb5 21.Ne2 Nc4 22.Nxc4 bxc4 23.Rb1 Bf6
24.Bd4 e5 25.fxe5 Bxe5 26.Nc3 Bxd4 27.Qxd4 Ne5 28.Be2 Qc8 29.b3 cxb3 30.cxb3 Qc5
31.Rfd1 Rdc8 32.Qxc5 Rxc5 33.Bc4 Rbc8 34.Na4 Bxe4 35.Nxc5 Bxb1 36.Nb7 Bc2
37.Rd2 Rb8 38.Nxd6 Bxb3 39.Rb2 Rb6 40.Re2 Bxc4 41.Nxc4 Rb1+ 42.Kh2 Ng6 43.Re8+ Nf8
44.Nd6 Rd1 45.Ne4 g6 46.g4 h6 47.Nf2 Rd2 48.Kg3 Kg7 49.Re3 Ne6 50.Nd3 Rc2
51.Nf4 Nc5 52.h4 Rc3 53.Rxc3 Ne4+ 54.Kf3 Nxc3 55.g5 h5 56.Ke3 Nb5 57.Ke4 Nd6+  1/2-1/2

[Event "Open"]
[Site "Pamplona ESP"]
[Date "2002.12.28"]
[Round "9"]
[White "Lakos,N"]
[Black "Alonso,S"]
[Result "0-1"]
[WhiteElo "2350"]
[BlackElo "2445"]

1.e4 c5 2.Nf3 Nc6 3.d4 cxd4 4.Nxd4 Nf6 5.Nc3 d6 6.Bg5 e6 7.Qd2 Be7 8.O-O-O O-O
9.f4 Nxd4 10.Qxd4 Qa5 11.e5 dxe5 12.Qxe5 Qxe5 13.fxe5 Nd5 14.Bxe7 Nxe7 15.Bd3 Nc6
16.Rhe1 Rd8 17.Bb5 Bd7 18.g3 Kf8 19.Bxc6 Bxc6 20.Rxd8+ Rxd8 21.Rd1 Rc8 22.Rd4 f5
23.exf6 gxf6 24.Kd2 e5 25.Rh4 Kg7 26.Rg4+ Kf7 27.Rh4 Kg6 28.Rg4+ Kf7 29.Rh4 Kg7
30.Rg4+ Kf8 31.Rh4 Rc7 32.Ne4 Kg7 33.Nf2 Be8 34.Nd3 h5 35.c3 Kg6 36.Ke3 Kg5
37.Ne1 a5 38.Nf3+ Kf5 39.c4 Rd7 40.Nd2 Bg6 41.c5 Rd5 42.Nb3 Kg5 43.Ra4 Bc2
44.Rxa5 Bxb3 45.axb3 b6 46.Rb5 Rxc5 47.Rxb6 Rc2 48.h4+ Kf5 49.b4 Rxb2 50.b5 Rb4
51.Rb8 Rb3+ 52.Kf2 Ke4 53.b6 Rb2+ 54.Ke1 Kf3 55.b7 e4 56.Rf8 Rxb7 57.Rxf6+ Kxg3
58.Ke2 Re7 59.Rf1 Kxh4 60.Rh1+ Kg4 61.Rg1+ Kf4 62.Rh1 Re5 63.Rf1+ Kg3 64.Ke3 h4
65.Rg1+ Kh2 66.Rg8 h3 67.Kf4 e3  0-1

[Event "35th Open"]
[Site "Trinec CZE"]
[Date "2002.12.29"]
[Round "2"]
[White "Kislov,M"]
[Black "Kolesar,Mil"]
[Result "1-0"]
[WhiteElo "2377"]
[BlackElo "2245"]

1.e4 c5 2.Nf3 d6 3.d4 cxd4 4.Nxd4 Nf6 5.Nc3 Nc6 6.Bg5 e6 7.Qd2 a6 8.Nb3 b5
9.f3 h6 10.Bf4 b4 11.Ne2 d5 12.O-O-O Qb6 13.e5 Nd7 14.Be3 Qc7 15.f4 Be7 16.Kb1 a5
17.Nbd4 Ba6 18.Nxc6 Qxc6 19.Nd4 Qb7 20.f5 Nxe5 21.fxe6 O-O 22.Qe1 Bf6 23.Qg3 Kh8
24.Qh3 Qe7 25.exf7 Qxf7 26.g4 Kg8 27.Nf5 Qg6 28.Bg2 Bb7 29.Rd4 Rad8 30.Rhd1 Rf7
31.Be4 Qxg4 32.Nxh6+ gxh6 33.Bh7+ Rxh7 34.Rxg4+ Nxg4 35.Qxg4+ Kh8 36.Bd4 Rf7
37.Qg6 Rdd7 38.Bxf6+  1-0

[Event "26th Christmas Open Masters"]
[Site "Zurich SUI"]
[Date "2002.12.29"]
[Round "5"]
[White "Jenni,F"]
[Black "Pelletier,Y"]
[Result "0-1"]
[WhiteElo "2483"]
[BlackElo "2587"]

1.e4 c5 2.Nf3 d6 3.d4 cxd4 4.Nxd4 Nf6 5.Nc3 Nc6 6.Bg5 Qb6 7.Nb3 e6 8.Bf4 Ne5
9.Qe2 a6 10.Be3 Qc7 11.f4 Nc6 12.g4 b5 13.Bg2 Bb7 14.g5 Nd7 15.h4 g6 16.Nd4 b4
17.Nd5 exd5 18.exd5 Ne7 19.Nc6 Nb6 20.O-O-O Nbxd5 21.Bxd5 Bxc6 22.Bxc6+ Qxc6
23.Bd4 Rg8 24.Bf6 Kd7 25.Qd3 Rc8 26.Rh2 Nf5 27.Qb3 Qc4 28.Qa4+ Rc6 29.Rhd2 Bg7
30.Be5 Bxe5 31.fxe5 Re8  0-1

[Event "9th Open"]
[Site "Bosnjaci CRO"]
[Date "2003.01.06"]
[Round "7"]
[White "Dabo Peranic,R"]
[Black "Jovanovic,Zo2"]
[Result "0-1"]
[WhiteElo "2330"]
[BlackElo "2407"]

1.e4 c5 2.Nf3 d6 3.d4 cxd4 4.Nxd4 Nf6 5.Nc3 Nc6 6.Bg5 Bd7 7.Be2 Qa5 8.Bxf6 gxf6
9.O-O Nxd4 10.Qxd4 Rc8 11.Nd5 Qc5 12.Qd3 Qxc2 13.Qe3 Bh6 14.Qxh6 Qxe2 15.Rae1 Qg4
16.Qe3 Rg8 17.g3 a6 18.f3 Qh3 19.Rf2 Bc6 20.Rc2 Kf8 21.Rec1 Re8 22.Nb4 Kg7
23.Nxc6 bxc6 24.Rxc6 Ra8 25.b4 Rgb8 26.Qc3 Qe6 27.a3 a5 28.Rb1 axb4 29.axb4 Ra2
30.Rb2 Rba8 31.Qd2 Rxb2 32.Qxb2 Ra2 33.Qb1 Ra3 34.Kg2 Rb3 35.Qd1 Rb2+ 36.Kh1 Qa2
37.Qg1 Qb3  0-1

[Event "LXIX ch-BRA"]
[Site "Brasilia BRA"]
[Date "2003.01.12"]
[Round "4"]
[White "Matsuura,E"]
[Black "Disconzi da Silva,R"]
[Result "1/2-1/2"]
[WhiteElo "2438"]
[BlackElo "2389"]

1.e4 c5 2.Nf3 d6 3.d4 cxd4 4.Nxd4 Nf6 5.Nc3 Nc6 6.Bg5 Bd7 7.Qd2 Rc8 8.Be2 Nxd4
9.Qxd4 Qa5 10.Bxf6 gxf6 11.O-O Rg8 12.Kh1 Qc5 13.Qd3 f5 14.Rae1  1/2-1/2

[Event "Keres Memorial Rapid"]
[Site "Tallinn EST"]
[Date "2003.01.12"]
[Round "4"]
[White "Zontakh,A"]
[Black "Veingold,A"]
[Result "1-0"]
[WhiteElo "2508"]
[BlackElo "2480"]

1.e4 c5 2.Nf3 Nc6 3.d4 cxd4 4.Nxd4 Nf6 5.Nc3 d6 6.Bg5 e6 7.Qd2 Qb6 8.O-O-O Qxd4
9.Qxd4 Nxd4 10.Rxd4 a6 11.f3 Rb8 12.Rd2 h6 13.Bh4 Be7 14.Bg3 e5 15.Bc4 Be6
16.Bb3 Nh5 17.Kb1 Nxg3 18.hxg3 O-O 19.Nd5 Bxd5 20.Bxd5 Rfc8 21.Rd3 Rc5 22.Rb3 b5
23.Rd1 Bd8 24.a3 Kf8 25.Rbd3 Ke7 26.c3 Bb6 27.R1d2 Rc7 28.Ba2 Rd8 29.f4 Rc5
30.b4 Rcc8 31.Kb2 Rc6 32.Bd5 Rc7 33.Rf3 f6 34.Rfd3 Ra7 35.Bb3 Bc7 36.Rd5 Bb6
37.R2d3 Bc7 38.f5 Rb8 39.Rd1 Rab7 40.Ra1 Bd8 41.Kc2 Bc7 42.Kd3 Bb6 43.a4 Bf2
44.axb5 axb5 45.Ra6 Rb6 46.Rxb6 Rxb6 47.g4 Rb7 48.Bd1 Be1 49.Kc2 Kd7 50.Be2 Kc6
51.Kb3 Bf2 52.Rd2 Be3 53.Rc2 Kd7 54.Ra2 Ra7 55.Bxb5+ Kc7 56.Re2 Bb6 57.Kc4 Ra3
58.Rc2 Be3 59.Kd5 Ra7 60.Ke6 Bb6 61.Kf7 Kd8+ 62.Kg6 Ke7 63.Bc6 Be3 64.c4 Ra1
65.g3 Rb1 66.b5 Ra1 67.Kxg7 Rg1 68.b6 Bxb6 69.Rb2 Bc5 70.Rb7+ Kd8 71.Kxf6 Rxg3
72.Ke6 Rxg4  1-0

[Event "LXIX ch-BRA"]
[Site "Brasilia BRA"]
[Date "2003.01.15"]
[Round "9"]
[White "Campello,L"]
[Black "Marques,V"]
[Result "1/2-1/2"]
[WhiteElo "2245"]
[BlackElo "2319"]

1.e4 c5 2.Nf3 Nc6 3.d4 cxd4 4.Nxd4 Nf6 5.Nc3 d6 6.Bg5 Bd7 7.Qd2 Rc8 8.f3 Nxd4
9.Qxd4 Qa5 10.Bd2 a6 11.Bd3 Qc5 12.Qxc5 Rxc5 13.O-O Be6 14.Be3 Rc8 15.Bd4 Bc4
16.Bxf6 gxf6 17.Nd5 Bxd5  1/2-1/2

[Event "Tch-SWE 2002-3"]
[Site "Sweden SWE"]
[Date "2003.01.18"]
[Round "6"]
[White "Aagaard,J"]
[Black "Schneider,LA"]
[Result "1-0"]
[WhiteElo "2355"]
[BlackElo "2385"]

1.e4 c5 2.Nf3 Nc6 3.d4 cxd4 4.Nxd4 Nf6 5.Nc3 d6 6.Bg5 e6 7.Qd2 a6 8.O-O-O Bd7
9.f4 Be7 10.Nf3 b5 11.Bxf6 gxf6 12.f5 Qb6 13.g3 O-O-O 14.Bh3 Kb8 15.fxe6 fxe6
16.Ne2 Ne5 17.Nfd4 Nc4 18.Qd3 e5 19.Bxd7 Rxd7 20.Nf5 Rc8 21.Kb1 Qc5 22.Rhf1 Bf8
23.Rf3 d5 24.exd5 Rcd8 25.Nc3 Qb4 26.b3 Rc8 27.Ka1 Na3 28.d6 e4 29.Qxe4 Qxe4
30.Nxe4 Rxc2 31.Rf2 Rc6 32.Nxf6 Rdxd6 33.Nxd6 Bxd6 34.Re2 Bb4 35.Nd5 Rd6
36.Re8+ Kb7 37.Re7+ Kb8 38.Nxb4 Rxd1+ 39.Kb2 Nb1 40.Nxa6+ Kc8 41.Rxh7 Rh1
42.Rc7+ Kd8 43.Rc2  1-0

[Event "ch-EGY 3rd Stage"]
[Site "Cairo EGY"]
[Date "2003.01.25"]
[Round "1"]
[White "Sarwat,W"]
[Black "Frhat,A"]
[Result "0-1"]
[WhiteElo "2371"]
[BlackElo "2355"]

1.e4 c5 2.Nf3 Nc6 3.d4 cxd4 4.Nxd4 Nf6 5.Nc3 d6 6.Bg5 e6 7.Be2 Be7 8.O-O O-O
9.Be3 a6 10.Qd2 Qc7 11.f4 Bd7 12.Bf3 Na5 13.Qf2 Nc4 14.Bc1 e5 15.fxe5 dxe5
16.Nb3 Be6 17.Kh1 Rad8 18.Nd1 a5 19.a4 Rd7 20.Qg3 Kh8 21.Nc3 Qb6 22.Nb5 Rc8
23.h3 Nd6 24.Qxe5 Rxc2 25.N3d4 Rc5 26.Qf4 Bc4 27.Re1 Nxb5 28.Nxb5 Bxb5 29.axb5 Qxb5
30.e5 Ng8 31.Bg4 Rdc7 32.Be2 Qb4 33.Qxb4 axb4 34.Be3 Rc2 35.b3 Bh4 36.Rec1 Bg3
37.Rxc2 Rxc2 38.Bd1 Bxe5 39.Ra5 Bc7 40.Rc5 Rc3 41.Bg1 Bg3 42.Rd5 h6 43.Bd4 Rc8
44.Rd7 Ne7 45.Kg1 Rc1 46.Be3 Rc7 47.Rd8+ Kh7 48.Kf1 Nf5 49.Bd2 Bh4 50.Rd3 Ng3+
51.Kg1 Ne4 52.Bxb4 Nf2 53.Rd4 Nxd1 54.Rxd1 Bg3 55.Kf1 Rc2 56.Rd3 Be5 57.Rd7 Rc7
58.Rd3 f6 59.Be1 Rc1 60.Ke2 Rb1 61.Bd2 h5 62.Kf3 Kg6 63.Be3 Kf5 64.Bc5 Ke6
65.Bf2 b5 66.Be3 f5 67.Bd2 g6 68.Ke2 f4 69.Rf3 g5 70.Rd3 g4 71.hxg4 hxg4
72.Be1 Rb2+ 73.Bd2 Kf5 74.b4 Ke4 75.Ra3 Rb1 76.Be1 Bd4 77.Ra5 Be3 78.Rxb5 f3+  0-1

[Event "ch-EGY 3rd Stage"]
[Site "Cairo EGY"]
[Date "2003.01.26"]
[Round "2"]
[White "Labib,I"]
[Black "Sameeh,H"]
[Result "1/2-1/2"]
[WhiteElo "2439"]
[BlackElo "2369"]

1.e4 c5 2.Nf3 d6 3.d4 cxd4 4.Nxd4 Nf6 5.Nc3 Nc6 6.Bg5 e6 7.Qd2 a6 8.O-O-O Nxd4
9.Qxd4 Be7 10.f4 b5 11.Bxf6 gxf6 12.Be2 Qc7 13.f5 Qc5 14.fxe6 fxe6 15.Qxc5 dxc5
16.Bh5+ Kf8 17.e5 f5 18.g4 Ra7 19.gxf5 exf5 20.Rdf1 Be6 21.Bg4 Bg5+ 22.Kb1 Rf7
23.Bh5 Rg7 24.Ne4 Be3 25.Nf6 Ke7 26.Bf3 Rd8 27.h4 h6 28.Bb7 a5 29.a3 b4 30.axb4 axb4
31.Rd1 Bd4 32.Nh5 Rgg8 33.Rde1 Bf7 34.Bf3 Bc4 35.Nf4 Rg3 36.Be2 Bg8 37.Rhf1 c4
38.h5 Rg5 39.Ng6+ Kd7 40.Rd1 Kc7 41.Rf4 Be3 42.Rff1 Rxd1+ 43.Bxd1 Rg1 44.Rxg1 Bxg1
45.Ne7 Be6 46.Bf3 Kb6 47.Bd5 Bxd5 48.Nxd5+ Kc5 49.e6 Kd6 50.e7 Kd7 51.Kc1 Bc5
52.Kd2 Bxe7 53.Nb6+ Ke6 54.Nxc4 Kf6 55.c3 Kg5 56.Ne3 bxc3+ 57.bxc3 Bc5 58.Nc4 Kxh5
59.Ke2 Kg4 60.Ne5+ Kg3 61.Nd3 Ba7 62.Kf1 h5 63.c4 h4 64.c5 h3 65.Kg1 Bb8
66.Kh1 Kf3 67.c6 Ke2 68.Nc5 f4 69.Ne6 f3 70.Nd4+  1/2-1/2

[Event "ch-EGY 3rd Stage"]
[Site "Cairo EGY"]
[Date "2003.01.28"]
[Round "4"]
[White "Hassan,Say"]
[Black "Sameeh,H"]
[Result "1/2-1/2"]
[WhiteElo "2353"]
[BlackElo "2369"]

1.e4 c5 2.Nf3 d6 3.d4 cxd4 4.Nxd4 Nf6 5.Nc3 Nc6 6.Bg5 e6 7.Qd2 a6 8.O-O-O Nxd4
9.Qxd4 Be7 10.f4 b5 11.Bxf6 gxf6 12.e5 d5 13.f5 O-O 14.Bd3 fxe5 15.Qxe5 Bf6
16.Qg3+ Kh8 17.Qh3 Ra7 18.Rhf1 b4 19.fxe6 fxe6 20.Ne2 Qc7 21.Qh6 Qg7 22.Qxg7+ Rxg7
23.Ng3 Kg8 24.Rxf6 Rxf6 25.Nh5 Rh6 26.Nxg7 Kxg7 27.h3 e5 28.Be2 Bb7 29.Bf3 Rd6
30.c4 bxc3 31.bxc3 Bc6 32.Kb2 Kf6 33.Ka3 a5 34.Rf1 Kg5 35.Bg4 Rf6 36.h4+ Kg6
37.Rxf6+ Kxf6 38.Kb3 e4 39.Kc2 Ke5 40.g3 d4 41.cxd4+ Kxd4 42.Kd2 Bd5 43.a3 Bc4
44.Bd1 e3+ 45.Ke1 Bd3 46.Bf3 Kc3 47.Bd1 Kb2 48.a4 Kc3 49.g4 Kd4 50.g5 Ke5
51.h5 Kf4 52.Be2 Bf5 53.g6 hxg6 54.hxg6 Bxg6  1/2-1/2

[Event "Jose Marti Memorial"]
[Site "Las Tunas CUB"]
[Date "2003.01.31"]
[Round "6"]
[White "Parra,El"]
[Black "Leyva,Y"]
[Result "0-1"]
[WhiteElo "2244"]
[BlackElo "2288"]

1.e4 c5 2.Nf3 d6 3.d4 cxd4 4.Nxd4 Nf6 5.Nc3 Nc6 6.Bg5 e6 7.Qd2 a6 8.O-O-O Bd7
9.f4 b5 10.Nxc6 Bxc6 11.Bxf6 Qxf6 12.Bd3 h6 13.e5 Qe7 14.Be4 d5 15.Bf3 O-O-O
16.Ne2 Qc7 17.Nd4 Bd7 18.Rhe1 Kb8 19.Re3 Bc5 20.b4 Be7 21.Kb2 Rc8 22.Ra3 Qb6
23.c3 Qb7 24.Nb3 Rc7 25.Be2 Rhc8 26.Nd4 Qb6 27.Qe3 f6 28.Bg4 fxe5 29.fxe5 a5
30.Rxa5 Rxc3 31.Qxc3 Rxc3 32.Kxc3 Qc7+ 33.Kd3 Bxb4 34.Ra6 Qxe5 35.Rxe6 Qc7
36.Rb6+ Qxb6 37.Bxd7 Qg6+ 38.Bf5 Qxg2 39.a3 Bc5 40.Rb1 Bxd4 41.Rxb5+ Kc7
42.Kxd4 Qf2+  0-1

[Event "FSIMB Feb"]
[Site "Budapest HUN"]
[Date "2003.02.01"]
[Round "1"]
[White "Szabo,K"]
[Black "Gonda,L"]
[Result "0-1"]
[WhiteElo "2239"]
[BlackElo "2317"]

1.e4 c5 2.Nf3 d6 3.d4 cxd4 4.Nxd4 Nf6 5.Nc3 Nc6 6.Bg5 e6 7.Qd2 a6 8.O-O-O Bd7
9.f4 b5 10.Bxf6 gxf6 11.Nxc6 Bxc6 12.Qe1 Be7 13.Bd3 Qb6 14.Kb1 Qc5 15.f5 h5
16.Ne2 Qe5 17.Qh4 O-O-O 18.Nf4 Rdg8 19.h3 Kb7 20.Rhe1 Bd8 21.c3 Bb6 22.Bc2 Rg5
23.Ka1 Bd7 24.Rd3 a5 25.Red1 Bc5 26.Rf3 Bc6 27.fxe6 fxe6 28.Nd3 Qh2 29.Nxc5+ dxc5
30.Rxf6 Qxg2 31.Rf7+ Kb6 32.Qf4 Rc8 33.Rd8 Qh1+ 34.Rd1 Rg1 35.Rxg1 Qxg1+
36.Bb1 Qd1 37.Rh7 b4 38.Qf7 bxc3 39.Qa7+ Kb5 40.Rb7+ Kc4 41.b3+ Kd4 42.Rd7+ Bd5
43.Rxd5+ exd5 44.Qd7 c2 45.Qg7+ Kxe4 46.Qg6+ Kd4 47.Qf6+ Kd3  0-1

[Event "ch-EGY 3rd Stage"]
[Site "Cairo EGY"]
[Date "2003.02.04"]
[Round "10"]
[White "Abdelnabbi,I"]
[Black "Labib,I"]
[Result "1/2-1/2"]
[WhiteElo "2414"]
[BlackElo "2439"]

1.e4 c5 2.Nf3 d6 3.d4 cxd4 4.Nxd4 Nf6 5.Nc3 Nc6 6.Bg5 e6 7.Qd2 Be7 8.O-O-O Nxd4
9.Qxd4 O-O 10.f4 h6 11.Bh4 Qc7 12.Qc4 Qxc4  1/2-1/2

[Event "1st It"]
[Site "Ilha Solteira-SP BRA"]
[Date "2003.02.04"]
[Round "1"]
[White "Coelho,L"]
[Black "Disconzi da Silva,R"]
[Result "1/2-1/2"]
[WhiteElo "2392"]
[BlackElo "2389"]

1.e4 c5 2.Nf3 d6 3.d4 cxd4 4.Nxd4 Nf6 5.Nc3 Nc6 6.Bg5 Qb6 7.Nb3 e6 8.Qd2 a6
9.O-O-O Be7 10.f4 Qc7 11.Kb1 h6 12.Bh4 Nxe4 13.Nxe4 Bxh4 14.Nxd6+ Ke7 15.g3 Rd8
16.gxh4 Rxd6 17.Bd3 Kf8 18.Rhg1 f6 19.Rg2 b6 20.Rdg1 Rd7 21.Qe3 Ra7 22.Qg3 Nb4
23.Qg6 Nxd3 24.cxd3 Bb7 25.Rc2 Qd8 26.Qh7 Rf7 27.Nd4 Bd5 28.Rgc1 Ke7 29.Rc8 Qd7
30.Qg8 f5 31.Rb8 Rc7 32.Rxc7 Qxc7 33.h5 Kf6 34.a3 Qxf4 35.Rf8 Qc7 36.Rc8 Qf4
37.Qd8+ Re7 38.Qf8+ Rf7 39.Qd8+ Re7  1/2-1/2

[Event "1st It"]
[Site "Ilha Solteira-SP BRA"]
[Date "2003.02.09"]
[Round "9"]
[White "Coelho,L"]
[Black "Marques,V"]
[Result "0-1"]
[WhiteElo "2392"]
[BlackElo "2319"]

1.e4 c5 2.Nf3 Nc6 3.d4 cxd4 4.Nxd4 Nf6 5.Nc3 d6 6.Bg5 Bd7 7.Qd2 Rc8 8.Be2 Nxd4
9.Qxd4 Qa5 10.f4 h6 11.Bh4 g5 12.e5 gxh4 13.exf6 e6 14.O-O Qc5 15.Rad1 Rg8
16.Bf3 Qxd4+ 17.Rxd4 d5 18.Kh1 Bc5 19.Rd3 Rg6 20.Bh5 Rxf6 21.Rh3 Bb4 22.Be2 Bxc3
23.bxc3 Kf8 24.Kg1 Rc5 25.Rb1 b6 26.Rxh4 Rxc3 27.Bd3 Ra3 28.Rb2 Ra4 29.g3 Ke7
30.Kf2 e5 31.Ke3 exf4+ 32.Rxf4 Rfxf4 33.gxf4 Kd6 34.c3 Be6 35.f5 Bd7 36.Bc2 Rh4
37.Bd3 Rh3+ 38.Kd4 Rh4+ 39.Ke3 Ke5 40.Rf2 Rh3+ 41.Kd2 f6 42.Bf1 Rh5 43.Re2+ Kd6
44.Rf2 Rxf5 45.Rxf5 Bxf5 46.Ke3 Ke5 47.a3 Bd7 48.Bd3 f5 49.Kf3 Be8 50.Bc2 Bh5+
51.Ke3 f4+ 52.Kf2 d4 53.cxd4+ Kxd4  0-1

[Event "Hotel Opatija GM Feb"]
[Site "Rijeka CRO"]
[Date "2003.02.09"]
[Round "4"]
[White "Fercec,N"]
[Black "Mikhalchishin,A"]
[Result "1/2-1/2"]
[WhiteElo "2484"]
[BlackElo "2561"]

1.e4 c5 2.Nf3 Nc6 3.d4 cxd4 4.Nxd4 Nf6 5.Nc3 d6 6.Bg5 e6 7.Qd2 a6 8.O-O-O Be7
9.Kb1 Bd7 10.f4 Qc7 11.Nf3 h6 12.Bh4  1/2-1/2

[Event "11th Aosta Open"]
[Site "Saint Vincent ITA"]
[Date "2003.02.10"]
[Round "3"]
[White "Iordachescu,V"]
[Black "Babaev,Ra"]
[Result "1-0"]
[WhiteElo "2550"]
[BlackElo "2406"]

1.e4 c5 2.Nf3 d6 3.d4 cxd4 4.Nxd4 Nf6 5.Nc3 Nc6 6.Bg5 e6 7.Qd2 a6 8.O-O-O h6
9.Nxc6 bxc6 10.Bf4 d5 11.Qe3 Be7 12.Be2 Qa5 13.Qg3 Rg8 14.Bd6 Ra7 15.Bf3 Rd7
16.Bxe7 Rxe7 17.Rhe1 Bb7 18.Kb1 g5 19.h3 Kf8 20.Qd6 Ne8 21.Qe5 Qc7 22.Qxc7 Nxc7
23.Na4 Kg7 24.Nc5 Ba8 25.c4 dxc4 26.Be2 e5 27.Bxc4 Nb5 28.Nxa6 Nd4 29.Nc5 Rb8
30.Re3 Ra7 31.Rc1 Bb7 32.Rcc3  1-0

[Event "11th Aosta Open"]
[Site "Saint Vincent ITA"]
[Date "2003.02.13"]
[Round "6"]
[White "Arakhamia,K"]
[Black "Baklan,V"]
[Result "0-1"]
[WhiteElo "2413"]
[BlackElo "2605"]

1.e4 c5 2.Nf3 Nc6 3.d4 cxd4 4.Nxd4 Nf6 5.Nc3 d6 6.Bg5 e6 7.Qd2 a6 8.O-O-O Bd7
9.f3 h6 10.Be3 b5 11.Nxc6 Bxc6 12.Ne2 Qc7 13.h4 Rc8 14.Kb1 Bb7 15.Rc1 Nd7
16.Nd4 d5 17.exd5 Bxd5 18.Bd3 Be7 19.g4 Ne5 20.Bf4 Nc4 21.Bxc4 Qxc4 22.b3 Qc3
23.Qxc3 Rxc3 24.Bd2 Rc8 25.Rh3 O-O 26.Re1 Rfd8 27.Ba5 Rd7 28.Ne2 Bb7 29.Nf4 e5
30.Nd3 f6 31.g5 Kf7 32.Rg3 hxg5 33.hxg5 Rh8 34.gxf6 gxf6 35.Reg1 Ke6 36.Bb6 Kf5
37.Rf1 Bc8 38.Be3 Bf8 39.Nf2 Rg7 40.Rxg7 Bxg7 41.Ne4 Bf8 42.Kc1 Bb7 43.Ng3+ Ke6
44.f4 Rh3 45.f5+ Kf7 46.Rg1 Rh2 47.Kb2 Bd6 48.Rd1 Ke7 49.Rg1 Rh3 50.Nf1 Kf7
51.Bb6 e4 52.Ne3 Bf4 53.Re1 Rf3 54.Rh1 Bc8 55.Re1 Bd7 56.c4 bxc4 57.bxc4 Be5+
58.Kc1 Rf2 59.Ng4 Bf4+ 60.Be3 Bxe3+ 61.Rxe3 Rf1+ 62.Kd2 Bxf5 63.Nh6+ Kg6
64.Nxf5 Kxf5 65.c5 Rf2+ 66.Kc3 Ke5 67.c6 Rh2 68.c7 Rh8 69.Kd2 Rc8 70.Rc3 Kd6
71.Ke3 Rxc7 72.Ra3 Kd5 73.Ra5+ Rc5 74.Rxa6 Rc3+ 75.Kd2 Rf3 76.Ra5+ Kd4 77.Ra4+ Ke5  0-1